000 00695nam a2200289Ia 4500
005 20260324115445.0
008 008 260324s9999 xx 000 0 eng d
020 _a9781032682945
037 _aEBOOK
040 _aCRL
040 _beng
040 _cCRL
041 _2eng
041 _aeng
084 _qCRL
100 _aKari Yates; Christina Nosek
_91154738
245 0 _aTo Know and Nurture a Reader
245 0 _bConferring with Confidence and Joy
260 _bTaylor and Francis
260 _c2018
365 _a
365 _b135
856 _uhttp://www.taylorfrancis.com/books/9781032682945
942 _cEBOOK
999 _c1745628
_d1745628